University Home | Library Home | Institutional Repository

Health and Wealth from Medicinal Aromatic Plants/ (Record no. 117791)

MARC details
000 -LEADER
fixed length control field 00532cam a2200169 4500
008 - FIXED-LENGTH DATA ELEMENTS--GENERAL INFORMATION
fixed length control field 120807n 000 0 eng u
022 ## - INTERNATIONAL STANDARD SERIAL NUMBER
International Standard Serial Number 18100775
035 ## - SYSTEM CONTROL NUMBER
System control number (Sirsi) a177039
050 ## - LIBRARY OF CONGRESS CALL NUMBER
Classification number FAO HF1416.6 MAR 2011
100 ## - MAIN ENTRY--PERSONAL NAME
Personal name Marshall, Elaine
245 ## - TITLE STATEMENT
Title Health and Wealth from Medicinal Aromatic Plants/
Statement of responsibility, etc. Elaine Marshall
260 ## - PUBLICATION, DISTRIBUTION, ETC.
Place of publication, distribution, etc. Rome:
Name of publisher, distributor, etc. Food and Agriculture Organisation,
Date of publication, distribution, etc. 2011
300 ## - PHYSICAL DESCRIPTION
Extent vii,68p.:
Other physical details ill.
650 ## - SUBJECT ADDED ENTRY--TOPICAL TERM
Topical term or geographic name entry element Medicinal Plants
650 ## - SUBJECT ADDED ENTRY--TOPICAL TERM
Topical term or geographic name entry element Aromatic Plants
710 ## - ADDED ENTRY--CORPORATE NAME
Corporate name or jurisdiction name as entry element Food and Agriculture Organisation
Holdings
Withdrawn status Lost status Source of classification or shelving scheme Damaged status Not for loan Home library Current library Shelving location Cost, normal purchase price Total Checkouts Full call number Barcode Date last seen Copy number Price effective from Koha item type
    Library of Congress Classification     Main Library Main Library Special collections 0.00   FAO HF1416.6 MAR 2011 33729005461004 08/21/2019 1 08/21/2019 Book
© 2026 - The University of Zambia Library - Koha v25.11